看演艺明星出生地猜全部东北城市 - Statistics

General Stats
  • This quiz has been taken 65 times
  • The average score is 10 of 40
Answer Stats
Hint Answer % Correct
赵本山、小沈阳、李雪琴... 铁岭
95%
沙溢、刘烨、孟子义... 长春
53%
沈腾、毛不易、吴莫愁... 齐齐哈尔
50%
巩俐、林更新、那英... 沈阳
48%
李冰冰、孙红雷、李健... 哈尔滨
45%
张小斐、雷佳音、李佳航... 鞍山
40%
魏大勋、金志文、关喆... 吉林市
40%
邢菲、乌兰托娅、白岩松... 呼伦贝尔
38%
郝蕾、大鹏、宋小宝... 通化
34%
金润吉、陈冰、罗永浩... 延边州
33%
娄艺潇、于文文、孙楠... 大连
31%
郭艾伦、李宏毅、刘晓洁... 辽阳
28%
刘宇宁、黄景瑜、马丽... 丹东
26%
张天爱、梁文博、寇振海... 绥化
24%
于和伟、佟大为、赵英俊... 抚顺
24%
辛芷蕾、于洋、吴昊宸... 鹤岗
22%
王丽坤、王珞丹、于月仙... 赤峰
22%
高伟光、安又琪、潘斌龙... 鸡西
21%
张佳宁、闫学晶、雪村... 辽源
21%
丛飞、李嘉格、王建国... 盘锦
19%
秦海璐、卢庚戌、文松... 营口
19%
张鹤伦、沈晓海、杨烁... 伊春
19%
丫蛋、王濛、关婷娜... 七台河
19%
舒畅、黄西、邵思涵... 白山
17%
韩庚、董璇、徐锦江... 牡丹江
17%
吴晓亮、蒋璐霞、魏新雨... 通辽
16%
程野、李蓓蕾、田牧宸... 葫芦岛
16%
王睿卓、孙亿舒、王祉萱... 大兴安岭
16%
修睿、小沈龙、刘天骐... 大庆
16%
范世錡、崔志佳、张火丁... 白城
16%
高秀敏、刘也、邓佳坤... 松原
16%
李鑫一、冯一非、邹宏宇... 朝阳
14%
沈南、左岩、王鹏凯... 双鸭山
14%
许飞、王妍苏、贾宏声... 四平
14%
苗皓钧、王敬轩、王宣予... 本溪
14%
丁嘉丽、张铭恩、高进... 佳木斯
14%
刘文天、梦然、董世豪... 兴安盟
12%
杨菲菲、张楠、张家睿... 黑河
12%
贺树峰、庞龙、吴静一... 阜新
12%
王刚、李天佑、李依晓... 锦州
12%
No matching quizzes found
Score Distribution
Percent of People with Each Score
Percentile by Number Answered
Your Score History
You have not taken this quiz